000 00545nam a2200181 a 4500
001 000026679
005 20200930030341.0
008 110324s1992 dr a 000 0 spa d
040 _aDO-SdBNP
_bspa
_cBNPHU
100 1 _aCoiscou Weber, Rodolfo
_919739
245 1 0 _aCurso de relaciones humanas /
_cRodolfo Coiscou Weber.
250 _a3a ed.
260 _aSanto Domingo :
_bCasa Weber,
_c1992.
300 _a148 p. :
_bil. ;
_c17 cm.
490 1 _aAntologĂ­a de nuestra voz
_v7
830 0 _aAntologĂ­a de nuestra voz
_v7
_923130
049 _aBNPD
999 _c26171
_d26171